| 000 | 00356nam a2200133Ia 4500 | ||
|---|---|---|---|
| 008 | 250527s9999 xx 000 0 und d | ||
| 082 | _a891.4391 ABA | ||
| 100 | _aAbadi, Akhtar Ansari Akbar | ||
| 245 | 0 | _aManzar-e-Jaal (منظرِ جال) | |
| 260 |
_aHyderabad: _bNaashir Halqa E Abrab E Fikr, |
||
| 300 | _a159p. | ||
| 600 | _aLiterature | ||
| 942 | _cGB | ||
| 999 |
_c31316 _d31316 |
||